| 000 | 00670nam a2200205Ia 4500 | ||
|---|---|---|---|
| 003 | GCL | ||
| 008 | 140319s9999 xx 000 0 ara d | ||
| 040 |
_aGCL / _cGCL |
||
| 082 | 0 | 4 |
_a920.72 _bع ط |
| 100 | 1 | _aعبدالعزيز سيد الاهل | |
| 245 | 1 | 0 |
_aطبقات النساء المحدثات من الطبقة الاولى الى الطبقة السادسة / _cعبدالعزيز سيد الاهل |
| 260 |
_a[S.N] : _bدار الكتب المصرية ، _c1981 |
||
| 300 | _a207 ص | ||
| 490 | _a | ||
| 650 | 0 | 4 | _aالحديث |
| 650 | 0 | 4 | _aالتراجم |
| 650 | 0 | 4 | _aالقران |
| 650 | 0 | 4 | _aالمرأة فى الاسلام |
| 942 |
_2ddc _cBK |
||
| 999 |
_c59012 _d59012 |
||